| 000 | 00703nam a2200217 i 4500 | ||
|---|---|---|---|
| 001 | 108571 | ||
| 003 | ES-MaACL | ||
| 005 | 20230906184651.0 | ||
| 007 | t| | ||
| 008 | 061121s1973 sp r ||||1| spa d | ||
| 100 | 1 |
_aMonloubou, Louis ( _d1924-2012) _982233 |
|
| 245 | 1 | 0 |
_aJesús el Galileo / _cLouis Monloubou; traducción del francés por Carmelo García del Valle. |
| 260 |
_aMadrid : _bStudium, _c1973. |
||
| 300 |
_a259 p., 4 lám ; _c19 cm. |
||
| 490 | 1 | _aEl mundo de la Biblia | |
| 600 | 0 | 4 |
_aJesucristo- _xBiografías. _9140032 |
| 700 | 1 |
_aGarcía del Valle, Carmelo. _954524 |
|
| 830 | 0 |
_aEl mundo de la Biblia _9193251 |
|
| 852 |
_aES-MaACL _jC-55692 _bR.88324 |
||
| 999 |
_c108571 _d108571 |
||